Quel Spiderman dans Across the Spiderverse ? - Statistiques

Statistiques générales
  • Ce quiz a été pris 445 fois
  • Le résultat moyen est 5 sur 50
Statistiques - réponses
Réponse % Correct
Miles Morales
94%
Gwen Stacy
79%
Peter Parker
75%
Miguel O'Hara
55%
Spider Cochon
28%
Spiderman Noir
22%
Hobie Brown
17%
Ben Reilly
12%
Peni Parker
9%
Spider Cat
9%
Andrew Garfield
8%
Jessica Drew
8%
Spectacular Spiderman
8%
Tobey Maguire
6%
Tom Holland
6%
Pavitr Prabhakar
5%
Spider Rex
5%
Lego Spiderman
4%
Mayday
4%
Spider Monkey
2%
Armored Spiderman
1%
Doppelganger
1%
Iron Spider
1%
Lady Spider
1%
Margo Kess
1%
Playstation Spiderman
1%
Spidercide
1%
Spider cop
1%
Spiderman Unlimited
1%
Spider UK
1%
Sun Spider
1%
Superior Spiderman
1%
Bag Man
0%
Big Time
0%
Black suit Spiderman
0%
Captain Spider
0%
Chibi Spider-Man
0%
Future Foundation
0%
Japanese Spiderman
0%
Last stand Spiderman
0%
Manga Spiderman
0%
Metro Spiderman
0%
Peter Paked Car
0%
Spiderling
0%
Spiderman '67
0%
Spider Therapist
0%
Spinneret
0%
Spyder-Knight
0%
The Web-Slinger & Widow the Spider-Horse
0%
Werewolf Spiderman
0%
Aucun quiz correspondant
Distribution des résultats
% des personnes avec chaque résultat
Percentile par nombre de réponses
Votre historique - résultats
Vous n’avez pas pris ce quiz